Problematika výkonnosti podniku, jej merania a hodnotenia
Príspevok obsahuje rôzne pohľady na definíciu výkonnosti podniku. Rozlišuje finančnú a ekonomickú výkonnosť podniku. Popisuje prístupy k meraniu výkonnosti podniku, a to tak tradičné ako aj moderné metódy hodnotenia výkonnosti. Medzi tradičné metódy hodnotenia výkonnosti podniku zaraďuje ukazovatele...
Salvato in:
| Autore principale: | |
|---|---|
| Altri autori: | |
| Natura: | Capitolo di libro |
| Lingua: | slovacco |
| Soggetti: | |
| Tags: |
Nessun Tag, puoi essere il primo ad aggiungerne!!
|
MARC
| LEADER | 00000nla a2200000 4500 | ||
|---|---|---|---|
| 001 | 0192768 | ||
| 005 | 20240502073231.7 | ||
| 041 | 0 | |a slo | |
| 044 | |a SK | ||
| 245 | 1 | 0 | |a Problematika výkonnosti podniku, jej merania a hodnotenia |c Magdaléna Freňáková, Gabriela Cichovská |
| 520 | |a Príspevok obsahuje rôzne pohľady na definíciu výkonnosti podniku. Rozlišuje finančnú a ekonomickú výkonnosť podniku. Popisuje prístupy k meraniu výkonnosti podniku, a to tak tradičné ako aj moderné metódy hodnotenia výkonnosti. Medzi tradičné metódy hodnotenia výkonnosti podniku zaraďuje ukazovatele absolútne, rozdielové a pomerové, ktoré vychádzajú z účtovných závierok. Medzi moderné metódy hodnotenia výkonnosti podniku, ktoré sa snažia odstrániť nedostatky tradičných metód, zaraďuje výnosnosť čistých aktív – RONA, výnosnosť hrubých aktív – GROGA, výnosnosť investícií počítaná z peňažných tokov – CF ROI, ekonomická pridaná hodnota – EVA, Balanced Scorecard – BSC. | ||
| 610 | 2 | 0 | |a výkonnosť podniku |
| 610 | 2 | 0 | |a financie podnikové |
| 610 | 2 | 0 | |a analýza finančná |
| 610 | 2 | 0 | |a meranie výkonnosti |
| 610 | 2 | 0 | |a manažment finančný |
| 100 | 1 | |a Freňáková, Magdaléna, 1981- | |
| 700 | 1 | |a Cichovská, Gabriela | |